Corso di Storia del Diritto Romano

Bibliographic Details
Main Author: Masiello, Tommaso
Format: eBook
Language:Italian
Published: Bari: Cacucci Editore, 2011
Subjects:
Online Access:Acceso restringido

MARC

LEADER 00000nam a22000007a 4500
005 20140424234920.0
007 cr|||| ||||
008 140424s2011 it |||||s|||| 00||0 ita d
035 |a 12031 
040 |a vLex 
090 |c 4838  |d 4838 
100 1 |a Masiello, Tommaso 
245 1 0 |a Corso di Storia del Diritto Romano  |h [Recurso electrn̤ico] /  |c Tommaso Masiello 
256 |a Servicio en ln̕ea 
260 |a Bari:  |b Cacucci Editore,  |c 2011 
300 |a 1 recurso electrn̤ico 
506 1 |a Disponible solo en los productos indicados  |d vLex Global  |d vLex Global (Academic Edition, excluding Law Schools)  |d vLex Global (U.S. Academic Edition, Law Schools)  |d vLex Global (U.S. Academic Edition, excluding Law Schools)  |d vLex Global (Academic Edition, Law Schools) 
650 0 4 |a Derecho Militar  |z Italia 
740 0 |a vLex Libros (Servicio en ln̕ea) 
856 4 0 |u http://vlex.com/source/corso-storia-diritto-romano-12031  |z Acceso restringido 
942 |c BOOK 
999 0 |a Military Law